[Event "Ostrava op"]
[Site "Ostrava"]
[Date "2010.05.02"]
[Round "2"]
[White "Melzer, Patrik"]
[Black "Soural, Jiri"]
[Result "1/2-1/2"]
[WhiteElo "1790"]
[BlackElo "1630"]
[PlyCount "96"]
[EventDate "2010.05.01"]
[EventType "swiss"]
[EventRounds "9"]
[EventCountry "CZE"]
[SourceTitle "EXT 2011"]
[Source "ChessBase"]
[SourceDate "2010.11.26"]
[SourceVersion "1"]
[SourceVersionDate "2010.11.26"]
[SourceQuality "1"]

1. d4 d5 2. c4 dxc4 3. e4 e5 4. Nf3 exd4 5. Bxc4 Bb4+ 6. Bd2 Bxd2+ 7. Nbxd2 Nf6 8. e5 Ng4 9. h3 Nh6 10. Ne4 Nc6 11. Bb5 Qd5 12. Nc3 Qe6 13. Qxd4 0-0 14. Bxc6 Qxc6 15. 0-0 Be6 16. Rfd1 Nf5 17. Qd2 h6 18. Rac1 Rad8 19. Qxd8 Rxd8 20. Rxd8+ Kh7 21. Nd4 Nxd4 22. Rxd4 Qb6 23. Rd2 Qa5 24. Re2 c6 25. Rd1 Qb6 26. b3 Qb4 27. Ne4 a5 28. Nd6 Kg8 29. Re4 Qb6 30. Ra4 Qc7 31. b4 axb4 32. Rxb4 b5 33. Rc1 Qa5 34. Rb2 Qb6 35. Rbc2 Bd5 36. Rd2 Qa5 37. Rcc2 Qa6 38. Nc8 Kf8 39. Rc5 Qa5 40. Rd1 Qxa2 41. Rcc1 Qb2 42. Ra1 Qxe5 43. Ra8 Kg8 44. Nb6+ Kh7 45. Nd7 Qe4 46. Nf8+ Kg8 47. Ng6+ Kh7 48. Nf8+ Kg8 1/2-1/2

[Event "Ostrava op"]
[Site "Ostrava"]
[Date "2010.05.01"]
[Round "1"]
[White "Soural, Jiri"]
[Black "Hlubina, Pavel"]
[Result "0-1"]
[WhiteElo "1630"]
[BlackElo "1965"]
[PlyCount "58"]
[EventDate "2010.05.01"]
[EventType "swiss"]
[EventRounds "9"]
[EventCountry "CZE"]
[SourceTitle "EXT 2011"]
[Source "ChessBase"]
[SourceDate "2010.11.26"]
[SourceVersion "1"]
[SourceVersionDate "2010.11.26"]
[SourceQuality "1"]

1. e4 c5 2. Nf3 Nc6 3. d4 cxd4 4. Nxd4 e5 5. Nb5 d6 6. c4 a6 7. N5a3 Nf6 8. Nc3 Be7 9. Nc2 0-0 10. Bd3 Be6 11. Qe2 Rc8 12. Nd5 Bxd5 13. exd5 Nb8 14. 0-0 Nbd7 15. b3 Nc5 16. f3 Nfd7 17. a4 Nxb3 18. Rb1 Nxc1 19. Rfxc1 Nc5 20. Ne1 f5 21. Qc2 g6 22. g3 Bg5 23. Rd1 Be3+ 24. Kh1 e4 25. Be2 exf3 26. Bxf3 f4 27. Bg4 Rc7 28. Ng2 Qg5 29. Nxe3 fxe3 0-1